Premsa i societat a la Girona franquista / Lluís Costa
Descripción Física:
140 p. : il. ; 24 cm
Colección:
Vaixells de paper ; 6
Materias:
Premsa -- Girona -- 1939/1975
MARC
| LEADER | 00000nam a2200000Ia 4500 | ||
|---|---|---|---|
| 001 | 8959 | ||
| 008 | 160829s1989 xx 000 0 cat d | ||
| 080 | |a O-1-28 | ||
| 100 | |a Costa i Fernández, Lluís |9 20479 | ||
| 245 | |a Premsa i societat a la Girona franquista / Lluís Costa | ||
| 260 | |a Barcelona : |b Diputació de Barcelona : |b Col·legi de Periodistes de Catalunya, |c 1989 | ||
| 300 | |a 140 p. : |b il. ; |c 24 cm | ||
| 490 | |a Vaixells de paper ; 6 | ||
| 650 | |a Premsa |x Girona |x 1939/1975 |9 20480 | ||
| 710 | 2 | |a Col·legi de Periodistes de Catalunya |9 52967 | |
| 710 | 1 | |a Barcelona (Catalunya : Província). |b Diputació |9 52408 | |
| 901 | |a Arxiu | ||
| 942 | |n 1 | ||
| 952 | |0 0 |1 0 |4 0 |6 O128 |7 1 |9 41556 |a Arxiu |b Arxiu |d 2016-12-01 |l 0 |o O-1-28 |p 8959 |r 2016-12-01 00:00:00 |w 2016-12-01 |y ARXIU | ||
| 999 | |c 43446 |d 43446 | ||